000 00534nam a22001577a 4500
003 OSt
005 20240416105735.0
008 240416b |||||||| |||| 00| 0 eng d
040 _cMRSPTU
100 _aTaran Singh (ਤਰਨ ਸਿੰਘ)
245 _aDharm Di Utpati Ate Vikas (ਧਰਮ ਦੀ ਉਤਪਤੀ ਅਤੇ ਵਿਕਾਸ)
_bਭਾਰਤੀ ਧਰਮਾਂ ਦੇ ਪ੍ਰਮਾਣ ਸਹਿਤ
250 _a1998
260 _aPunjab
_bPublication Bureau Punjabi University
300 _a285
942 _2ddc
_cBK
_n0
999 _c10044
_d10044